Electricity generation policy statement (Record no. 113336)

MARC details
000 -LEADER
fixed length control field 00891cad a22001935a 4500
001 - CONTROL NUMBER
control field E155129
008 - FIXED-LENGTH DATA ELEMENTS--GENERAL INFORMATION
fixed length control field 120305s2012 xxk f s000 0 eng d
035 ## - SYSTEM CONTROL NUMBER
System control number (Sirsi) u155129
041 0# - LANGUAGE CODE
Language code of text/sound track or separate title eng
110 2# - MAIN ENTRY--CORPORATE NAME
Corporate name or jurisdiction name as entry element Scotland
Subordinate unit Scottish Government
9 (RLIN) 5344
245 00 - TITLE STATEMENT
Title Electricity generation policy statement
Medium [electronic resource]
260 ## - PUBLICATION, DISTRIBUTION, ETC.
Place of publication, distribution, etc. Edinburgh
Name of publisher, distributor, etc. Scottish Government
Date of publication, distribution, etc. 2012
520 ## - SUMMARY, ETC.
Summary, etc. A draft policy which discusses how Scotland generates electricity, and looks at how the Scottish Government's targets can be achieved, and the technology and infrastructure that wll be required. Comments on the draft policy should be submitted by 7 May 2012.
590 ## - LOCAL NOTE (RLIN)
Local note KA
651 #4 - SUBJECT ADDED ENTRY--GEOGRAPHIC NAME
Geographic name Scotland
Chronological subdivision 1999-
690 ## - LOCAL SUBJECT ADDED ENTRY--TOPICAL TERM (OCLC, RLIN)
Topical term or geographic name as entry element Energy
9 (RLIN) 6237
856 40 - ELECTRONIC LOCATION AND ACCESS
Uniform Resource Identifier <a href="https://www.scotland.gov.uk/Topics/Business-Industry/Energy/EGPS2012/DraftEPGS2012">https://www.scotland.gov.uk/Topics/Business-Industry/Energy/EGPS2012/DraftEPGS2012</a>
Public note View the item free of charge at www.scotland.gov.uk
942 ## - ADDED ENTRY ELEMENTS (KOHA)
Suppress in OPAC 0
Holdings
Withdrawn status Lost status Source of classification or shelving scheme Damaged status Not for loan Home library Current library Shelving location Date acquired Total Checkouts Full call number Barcode Date last seen Copy number Price effective from Koha item type
    Dewey Decimal Classification     Virtual Virtual Online 05/03/2012   ONLINE PUBLICATION 155129-2001 06/08/2019 1 06/08/2019 Book